[Event "Ilyumzhinov Cup"]
[Site "Internet"]
[Date "2006.05.06"]
[Round "?"]
[White "Berdichevski, Igor"]
[Black "Kuzmina, Olga"]
[Result "1-0"]
[WhiteElo "2555"]
[BlackElo "2249"]
[PlyCount "105"]
[EventDate "2006.05.06"]
[EventType "swiss"]
[EventRounds "13"]
[EventCountry "RUS"]
[SourceTitle "CBM 112 Extra"]
[Source "ChessBase"]
[SourceDate "2006.07.14"]
[SourceVersion "1"]
[SourceVersionDate "2006.07.14"]
[SourceQuality "1"]

1. d4 Nf6 2. Nf3 e6 3. Bf4 d5 4. c3 Bd6 5. Bg3 0-0 6. e3 b6 7. Nbd2 c5 8. Be2 Nc6 9. 0-0 Bb7 10. Re1 Rc8 11. a4 Na5 12. Ne5 Bb8 13. Bh4 Nc6 14. f4 Bd6 15. Bd3 Be7 16. Qf3 Na5 17. Qh3 Ne4 18. Bxe7 Qxe7 19. Nef3 h6 20. g4 Qf6 21. g5 hxg5 22. Bxe4 dxe4 23. Nxg5 Qh6 24. Qxh6 gxh6 25. Ngxe4 cxd4 26. exd4 Rfd8 27. Kf2 f5 28. Ng3 Kf7 29. Rg1 Bd5 30. Nh5 Rg8 31. Rxg8 Rxg8 32. Rg1 Rxg1 33. Kxg1 Bc6 34. b3 Bd5 35. c4 Bc6 36. Kf2 Nb7 37. Ke3 Nd6 38. Ng3 Kf6 39. Ne2 Nf7 40. Nc1 Nh8 41. Nd3 Ng6 42. Ne5 Nxe5 43. dxe5+ Ke7 44. Nb1 Bg2 45. Nc3 a6 46. Kd4 Kd7 47. c5 Kc6 48. b4 bxc5+ 49. bxc5 Bf3 50. Na2 Bd1 51. Nb4+ Kb7 52. a5 Kc7 53. c6 1-0

[Event "Ilyumzhinov Cup"]
[Site "Internet"]
[Date "2006.05.06"]
[Round "?"]
[White "Filippov, Anton"]
[Black "Kuzmina, Olga"]
[Result "1-0"]
[WhiteElo "2500"]
[BlackElo "2249"]
[PlyCount "157"]
[EventDate "2006.05.06"]
[EventType "swiss"]
[EventRounds "13"]
[EventCountry "RUS"]
[SourceTitle "CBM 112 Extra"]
[Source "ChessBase"]
[SourceDate "2006.07.14"]
[SourceVersion "1"]
[SourceVersionDate "2006.07.14"]
[SourceQuality "1"]

1. e4 e5 2. Nf3 Nc6 3. Bb5 f5 4. Nc3 Nf6 5. Qe2 Bc5 6. 0-0 Nd4 7. Nxd4 Bxd4 8. Bc4 d6 9. exf5 Bxf5 10. Nb5 Bb6 11. d4 e4 12. Bg5 d5 13. Bxf6 gxf6 14. Qh5+ Bg6 15. Qxd5 Qxd5 16. Bxd5 c6 17. Bxe4 cxb5 18. Bxb7 Rb8 19. Bc6+ Kf8 20. c3 a6 21. Rae1 Bd8 22. Re3 Kg7 23. Rfe1 Rf8 24. f4 f5 25. g3 Bf6 26. a3 Rfd8 27. Re6 Bf7 28. R6e3 Rd6 29. Bg2 Rbd8 30. Bh3 Kg6 31. Kf2 h5 32. Bg2 Bc4 33. h4 R6d7 34. Re8 Rxe8 35. Rxe8 Re7 36. Rxe7 Bxe7 37. b4 Bd8 38. Ke3 Kf6 39. Bc6 Ke7 40. Bb7 a5 41. Bf3 axb4 42. axb4 Bb6 43. Bxh5 Kf6 44. Bf3 Bc7 45. Bc6 Bd6 46. Kf3 Kg6 47. Bd7 Bd5+ 48. Kf2 Bc4 49. Kg2 Bd5+ 50. Kh3 Bc4 51. Be8+ Kf6 52. h5 Bf1+ 53. Kh2 Be7 54. h6 Bf8 55. h7 Bg7 56. Kg1 Bc4 57. Kf2 Ke7 58. Bh5 Kf6 59. Ke3 Ke7 60. Bg6 Kf6 61. Bh5 Bd5 62. Bf3 Bc4 63. Bc6 Ke7 64. d5 Kd6 65. Be8 Bxd5 66. Bg6 Be6 67. Kd3 Bc4+ 68. Kd2 Ke6 69. Be8 Kf6 70. Bxb5 Bxb5 71. c4 Bxc4 72. b5 Bxb5 73. Kc3 Kg6+ 74. Kb4 Be2 75. h8Q Bxh8 76. Kb3 Bd4 77. Kc2 Bf2 78. g4 Ba6 79. g5 1-0

[Event "Ilyumzhinov Cup"]
[Site "Internet"]
[Date "2006.05.06"]
[Round "?"]
[White "Kretov, Evgenij"]
[Black "Kuzmina, Olga"]
[Result "0-1"]
[WhiteElo "2138"]
[BlackElo "2249"]
[PlyCount "66"]
[EventDate "2006.05.06"]
[EventType "swiss"]
[EventRounds "13"]
[EventCountry "RUS"]
[SourceTitle "CBM 112 Extra"]
[Source "ChessBase"]
[SourceDate "2006.07.14"]
[SourceVersion "1"]
[SourceVersionDate "2006.07.14"]
[SourceQuality "1"]

1. d4 Nf6 2. c4 e6 3. Nc3 Bb4 4. Bg5 0-0 5. e3 b6 6. Qc2 Ba6 7. Bd3 h6 8. Bh4 c5 9. Nge2 Nc6 10. 0-0 Rc8 11. a3 Bxc3 12. bxc3 Na5 13. Qa4 cxd4 14. cxd4 Bxc4 15. Bxc4 Rxc4 16. Qb5 d5 17. Nf4 Qc7 18. Bg3 Qc8 19. Nd3 Ne4 20. Ne5 Rc2 21. Rab1 Qc3 22. Ra1 Nb3 23. Rad1 Nbd2 24. Nd7 Nxf1 25. Rxf1 Rd8 26. Bh4 g5 27. Bg3 Rc1 28. Ne5 Rxf1+ 29. Kxf1 Qc1+ 30. Ke2 Qd2+ 31. Kf3 f5 32. Qb1 Nc3 33. Qa1 Qe2# 0-1

[Event "Ilyumzhinov Cup"]
[Site "Internet"]
[Date "2006.05.06"]
[Round "?"]
[White "Kuzmina, Olga"]
[Black "Hamitevici, Vladimir"]
[Result "1-0"]
[WhiteElo "2249"]
[BlackElo "2351"]
[PlyCount "125"]
[EventDate "2006.05.06"]
[EventType "swiss"]
[EventRounds "13"]
[EventCountry "RUS"]
[SourceTitle "CBM 112 Extra"]
[Source "ChessBase"]
[SourceDate "2006.07.14"]
[SourceVersion "1"]
[SourceVersionDate "2006.07.14"]
[SourceQuality "1"]

1. e4 c5 2. Nf3 Nc6 3. Nc3 e5 4. Bc4 Be7 5. 0-0 d6 6. d3 Be6 7. Nd5 Nf6 8. c3 0-0 9. Bb3 Na5 10. Nxf6+ Bxf6 11. Bc2 Bg4 12. h3 Bxf3 13. Qxf3 Bg5 14. Be3 Bxe3 15. fxe3 Nc6 16. Bb3 Qe7 17. Rf2 Nd8 18. Raf1 Ne6 19. Qf5 g6 20. Qg4 Kg7 21. Rf3 f6 22. Bxe6 a5 23. Bb3 b5 24. a3 b4 25. axb4 axb4 26. cxb4 Rab8 27. Bc4 Rxb4 28. b3 Rbb8 29. R3f2 Ra8 30. Bd5 Ra3 31. h4 h5 32. Qg3 Ra5 33. Rf5 Kh7 34. R5f2 Ra7 35. Rc2 Rb8 36. Rcc1 Rc7 37. Ra1 Rf8 38. Ra6 Ra7 39. Rfa1 Rxa6 40. Rxa6 Kh6 41. Rb6 f5 42. Rb7 Qf6 43. exf5 Qxf5 44. Be4 Qf1+ 45. Kh2 Qf6 46. Rd7 Rg8 47. Bd5 Rg7 48. Qg5+ Qxg5 49. hxg5+ Kh7 50. Rxg7+ Kxg7 51. g4 hxg4 52. Kg3 Kf8 53. Kxg4 Kg7 54. Kf3 Kf8 55. Ke2 Ke7 56. Be4 Kf7 57. Kd2 Kg7 58. Kc3 Kf7 59. Kc4 Ke6 60. Bxg6 d5+ 61. Kxc5 d4 62. exd4 e4 63. dxe4 1-0

[Event "Ilyumzhinov Cup"]
[Site "Internet"]
[Date "2006.05.06"]
[Round "?"]
[White "Nozdrin, Alexander V"]
[Black "Kuzmina, Olga"]
[Result "1-0"]
[WhiteElo "2323"]
[BlackElo "2249"]
[PlyCount "93"]
[EventDate "2006.05.06"]
[EventType "swiss"]
[EventRounds "13"]
[EventCountry "RUS"]
[SourceTitle "CBM 112 Extra"]
[Source "ChessBase"]
[SourceDate "2006.07.14"]
[SourceVersion "1"]
[SourceVersionDate "2006.07.14"]
[SourceQuality "1"]

1. e4 e5 2. Nc3 Nf6 3. f4 d5 4. exd5 exf4 5. d4 Bd6 6. Nf3 0-0 7. Bc4 Re8+ 8. Ne2 c6 9. 0-0 cxd5 10. Bd3 Qc7 11. Ne5 Bxe5 12. dxe5 Qxe5 13. Bxf4 Qe6 14. Kh1 Nc6 15. Ng3 Qg4 16. Qd2 Ne4 17. Nxe4 dxe4 18. Be2 Qg6 19. Qe3 Bf5 20. Bg3 Qe6 21. b3 Bg6 22. Bc4 Qe7 23. Rf2 Rad8 24. Raf1 a6 25. Qf4 Rf8 26. Bh4 Qd6 27. Bxd8 Qxd8 28. Rd2 Qa5 29. Rd7 Ne5 30. Rd5 Nxc4 31. Rxa5 Nxa5 32. Re1 Re8 33. h3 f5 34. c4 Nc6 35. Qc7 Re7 36. Qc8+ Kf7 37. a3 Nd4 38. b4 Nc2 39. Re2 Nd4 40. Re1 f4 41. Qc5 Nc2 42. Rf1 f3 43. Qd5+ Ke8 44. Qg8+ Kd7 45. Rd1+ Kc6 46. Qd5+ Kc7 47. Qd6+ 1-0

[Event "Kharkov Femida (Women)"]
[Site "Kharkov"]
[Date "2005.10.25"]
[Round "10"]
[White "Alexanian, Nelli"]
[Black "Kuzmina, Olga"]
[Result "0-1"]
[WhiteElo "2161"]
[BlackElo "2261"]
[PlyCount "48"]
[EventDate "2005.10.16"]
[EventType "tourn"]
[EventRounds "11"]
[EventCountry "UKR"]
[SourceTitle "EXT 2006"]
[Source "ChessBase"]
[SourceDate "2005.11.24"]
[SourceVersion "1"]
[SourceVersionDate "2005.11.24"]
[SourceQuality "1"]

1. d4 Nf6 2. c4 e6 3. Nc3 Bb4 4. f3 c5 5. d5 d6 6. Bd2 0-0 7. e4 Re8 8. Nge2 a6 9. a4 Nbd7 10. Nf4 Bxc3 11. Bxc3 e5 12. Ne2 Nh5 13. Qc1 f5 14. exf5 Qh4+ 15. g3 Qxc4 16. g4 Nhf6 17. Kf2 Qxd5 18. g5 Nh5 19. b3 e4 20. Nf4 Qxf5 21. Bc4+ Kh8 22. Nxh5 Qxf3+ 23. Ke1 Qxh1+ 24. Bf1 Ne5 0-1

[Event "Kharkov Femida (Women)"]
[Site "Kharkov"]
[Date "2005.10.18"]
[Round "3"]
[White "Petrenko, Svetlana"]
[Black "Kuzmina, Olga"]
[Result "1-0"]
[WhiteElo "2327"]
[BlackElo "2261"]
[PlyCount "43"]
[EventDate "2005.10.16"]
[EventType "tourn"]
[EventRounds "11"]
[EventCountry "UKR"]
[SourceTitle "EXT 2006"]
[Source "ChessBase"]
[SourceDate "2005.11.24"]
[SourceVersion "1"]
[SourceVersionDate "2005.11.24"]
[SourceQuality "1"]

1. e4 e5 2. Nf3 Nc6 3. Bb5 f5 4. d3 Nf6 5. 0-0 Bc5 6. exf5 0-0 7. Be3 Nd4 8. Ba4 Ng4 9. Nxd4 Nxe3 10. fxe3 exd4 11. e4 d5 12. Bb3 c6 13. Nd2 Kh8 14. Qh5 Rf6 15. Qg5 Bd6 16. g3 Qc7 17. exd5 cxd5 18. Bxd5 h6 19. Qh5 Bd7 20. Ne4 Raf8 21. Nxf6 Rxf6 22. Rf2 1-0

[Event "Pardubice op-A"]
[Site "Pardubice"]
[Date "2005.07.23"]
[Round "2"]
[White "Kuzmina, Olga"]
[Black "Jovanic, Ognjen"]
[Result "0-1"]
[WhiteElo "2273"]
[BlackElo "2447"]
[PlyCount "126"]
[EventDate "2005.07.22"]
[EventType "swiss"]
[EventRounds "9"]
[EventCountry "CZE"]
[SourceTitle "CBM 107 Extra"]
[Source "ChessBase"]
[SourceDate "2005.09.01"]
[SourceVersion "1"]
[SourceVersionDate "2005.09.01"]
[SourceQuality "1"]

1. e4 g6 2. d4 Bg7 3. c3 d6 4. Nf3 Nf6 5. Bd3 0-0 6. h3 c5 7. 0-0 Nc6 8. Nbd2 Nd7 9. Nb3 Qc7 10. Be3 b6 11. Re1 Bb7 12. Qd2 Rfe8 13. Rad1 Rad8 14. Bb1 Ba6 15. Nc1 e5 16. Ne2 exd4 17. cxd4 Bxe2 18. Rxe2 Nf8 19. Bg5 Rc8 20. d5 Nd4 21. Nxd4 Bxd4 22. Bd3 Nd7 23. Bb5 f6 24. Bh4 Re7 25. Kh1 g5 26. Bg3 Be5 27. f4 gxf4 28. Bxf4 Bxf4 29. Qxf4 Ne5 30. Qxf6 Rf8 31. Qh6 Ref7 32. Re3 Rf6 33. Rg3+ Kh8 34. Qh5 c4 35. Bc6 Qf7 36. Qxf7 R6xf7 37. Rd2 Rf2 38. Rxf2 Rxf2 39. b3 Rxa2 40. bxc4 h6 41. Kh2 Kh7 42. Rc3 Kg6 43. Kg3 Kf6 44. Be8 Re2 45. Ra3 a5 46. Rb3 Nxc4 47. Rf3+ Ke7 48. Bb5 Rxe4 49. Bxc4 Rxc4 50. Re3+ Kd7 51. Re6 h5 52. Rh6 h4+ 53. Kf3 a4 54. Rh7+ Kc8 55. Ke3 b5 56. Kd3 Kb8 57. Rf7 Rc5 58. Kd4 b4 59. Rf1 b3 60. Rb1 Kc7 61. Ke4 Kb6 62. g4 hxg3 63. h4 Rc4+ 0-1

[Event "Pardubice op-E"]
[Site "Pardubice"]
[Date "2005.??.??"]
[Round "7"]
[White "Kanovsky, David"]
[Black "Kuzmina, Olga"]
[Result "1-0"]
[WhiteElo "2328"]
[BlackElo "2273"]
[PlyCount "105"]
[EventDate "2005.07.??"]
[EventType "swiss"]
[EventRounds "7"]
[EventCountry "CZE"]
[SourceTitle "EXT 2006"]
[Source "ChessBase"]
[SourceDate "2005.11.24"]
[SourceVersion "1"]
[SourceVersionDate "2005.11.24"]
[SourceQuality "1"]

1. e4 e5 2. Nf3 Nc6 3. Bb5 f5 4. d3 Nf6 5. exf5 Bc5 6. 0-0 0-0 7. Bxc6 dxc6 8. Nxe5 Bxf5 9. c3 Kh8 10. d4 Bd6 11. Bg5 Qe8 12. Bxf6 gxf6 13. Nc4 Rg8 14. Nxd6 cxd6 15. g3 Qg6 16. Nd2 Rae8 17. Qf3 Bg4 18. Qf4 Be2 19. Rfe1 d5 20. f3 Re6 21. Ne4 Bxf3 22. Nc5 Rxe1+ 23. Rxe1 Be4 24. Nxb7 Re8 25. Nd6 Re6 26. Nxe4 dxe4 27. Re3 f5 28. Kf2 Re8 29. Re2 Qe6 30. b3 Qd5 31. Qc7 a6 32. Qf4 Re7 33. Qb8+ Kg7 34. Qf4 h6 35. Ke3 Qa5 36. Rc2 Re6 37. g4 Qb5 38. Rd2 Qa5 39. b4 Qa3 40. Rc2 Qa4 41. Rd2 Qa3 42. Rc2 Qa4 43. Rg2 Rg6 44. Qe5+ Kh7 45. Qxf5 Qd1 46. Qxe4 Qe1+ 47. Kd3 Qb1+ 48. Rc2 Kg7 49. Kc4 a5 50. Qe7+ Kh8 51. Rf2 Rxg4 52. Rf8+ Rg8 53. Qf6+ 1-0

[Event "Pardubice Skanska op"]
[Site "Pardubice"]
[Date "2004.07.23"]
[Round "1"]
[White "Simacek, Pavel"]
[Black "Kuzmina, Olga"]
[Result "1-0"]
[WhiteElo "2439"]
[BlackElo "2240"]
[PlyCount "55"]
[EventDate "2004.07.23"]
[EventType "swiss"]
[EventRounds "9"]
[EventCountry "CZE"]
[SourceTitle "CBM 101 Extra"]
[Source "ChessBase"]
[SourceDate "2004.09.01"]
[SourceVersion "2"]
[SourceVersionDate "2004.09.01"]
[SourceQuality "1"]

1. e4 e5 2. f4 Bc5 3. Nf3 d6 4. c3 Bg4 5. Bc4 Nc6 6. b4 Bb6 7. h3 Bxf3 8. Qxf3 exf4 9. Qxf4 Nf6 10. Na3 0-0 11. d3 d5 12. Bb3 dxe4 13. d4 Nxd4 14. cxd4 Bxd4 15. Rb1 Nh5 16. Qg4 Bc3+ 17. Kf2 Qf6+ 18. Ke2 g6 19. Nc4 b5 20. Rf1 Qg7 21. Ne3 Be5 22. Nf5 gxf5 23. Qxh5 e3 24. Bxe3 Rae8 25. Rxf5 Qxg2+ 26. Rf2 Qg6 27. Rg1 Qxg1 28. Rxf7 1-0

[Event "Olomouc op"]
[Site "Olomouc"]
[Date "2004.07.09"]
[Round "6"]
[White "Cernousek, Lukas"]
[Black "Kuzmina, Olga"]
[Result "1/2-1/2"]
[WhiteElo "2378"]
[BlackElo "2240"]
[PlyCount "143"]
[EventDate "2004.07.05"]
[EventType "swiss"]
[EventRounds "9"]
[EventCountry "CZE"]
[SourceTitle "CBM 101 Extra"]
[Source "ChessBase"]
[SourceDate "2004.09.01"]
[SourceVersion "2"]
[SourceVersionDate "2004.09.01"]
[SourceQuality "1"]

1. e4 e5 2. Nf3 Nc6 3. Bc4 Nf6 4. Ng5 d5 5. exd5 Na5 6. Bb5+ c6 7. dxc6 bxc6 8. Be2 h6 9. Nf3 e4 10. Ne5 Qc7 11. d4 exd3 12. Nxd3 Bd6 13. b3 0-0 14. Nc3 Bf5 15. h3 Rad8 16. 0-0 a6 17. Re1 c5 18. Bf3 c4 19. bxc4 Qxc4 20. Bd2 Bc7 21. Be2 Qh4 22. Qc1 Rd4 23. Be3 Rc4 24. Nd1 Rc8 25. f4 Nd5 26. Bf2 Qf6 27. Rb1 Nxf4 28. Nxf4 Bxf4 29. Qa3 Rxc2 30. Rb6 Nc6 31. Bxa6 Ra8 32. Qf3 Bc7 33. Rxc6 Qxc6 34. Qxc6 Rxc6 35. Bb7 Raa6 36. Bxa6 Rxa6 37. Re8+ Kh7 38. Re7 Rc6 39. g4 Be6 40. Ne3 Bxa2 41. Kg2 Be6 42. Kf3 Rc1 43. Bg3 Bb6 44. h4 Rg1 45. Bf2 Rc1 46. Bg3 Bc5 47. Rc7 Bxe3 48. Kxe3 Rxc7 49. Bxc7 Bxg4 50. Kf4 Bd7 51. Ba5 Kg6 52. Bc3 f6 53. Bd4 Kh5 54. Kg3 Kg6 55. Kf4 Kf7 56. Bc3 g5+ 57. hxg5 fxg5+ 58. Kg3 Kg6 59. Bd2 h5 60. Be3 Kf5 61. Bd2 Be6 62. Be3 Bd7 63. Bd2 Be6 64. Be3 h4+ 65. Kh2 Kg4 66. Bd2 Bd5 67. Be3 Bc4 68. Bd2 Kf5 69. Be3 g4 70. Bf2 Kg5 71. Be1 Bd5 72. Bf2 1/2-1/2

[Event "RUS-ch 1L (Women)"]
[Site "Serpukhov"]
[Date "2004.02.??"]
[Round "3"]
[White "Gunina, Valentina"]
[Black "Kuzmina, Olga"]
[Result "1-0"]
[WhiteElo "2299"]
[BlackElo "2244"]
[PlyCount "85"]
[EventDate "2004.02.??"]
[EventType "swiss"]
[EventRounds "9"]
[EventCountry "RUS"]
[SourceTitle "EXT 2005"]
[Source "ChessBase"]
[SourceDate "2004.11.15"]
[SourceVersion "1"]
[SourceVersionDate "2004.11.15"]
[SourceQuality "1"]

1. d4 g6 2. c4 Bg7 3. Nc3 d6 4. e4 Nc6 5. Be3 e5 6. d5 Nce7 7. g4 f5 8. gxf5 gxf5 9. Qh5+ Ng6 10. exf5 Qh4 11. Qf3 N6e7 12. Bd3 Nh6 13. Nb5 Kd8 14. Qg2 Bf6 15. 0-0-0 Bxf5 16. Nf3 Qg4 17. Qxg4 Nxg4 18. Nc3 Kd7 19. Be2 Raf8 20. h3 Nxe3 21. fxe3 Bg7 22. Rdf1 Bh6 23. Kd2 Rhg8 24. Nh4 Kd8 25. Bd3 Bxd3 26. Kxd3 Bg5 27. Nf3 Bh6 28. Nh2 Rg3 29. Rxf8+ Bxf8 30. Rf1 Bh6 31. Ng4 Rxh3 32. Ne4 Ng6 33. Nxh6 Rxh6 34. Rf7 Rh4 35. Ng5 e4+ 36. Kc3 Ne5 37. Ne6+ Kc8 38. Rxc7+ Kb8 39. Re7 a6 40. c5 dxc5 41. d6 Rh3 42. Nxc5 Rxe3+ 43. Kd4 1-0

[Event "Pardubice opB"]
[Site "Pardubice"]
[Date "2004.??.??"]
[Round "3"]
[White "Kuzmina, Olga"]
[Black "Dvorak, Jan"]
[Result "1/2-1/2"]
[WhiteElo "2240"]
[BlackElo "2263"]
[PlyCount "55"]
[EventDate "2004.07.??"]
[EventType "swiss"]
[EventRounds "7"]
[EventCountry "CZE"]
[SourceTitle "EXT 2005"]
[Source "ChessBase"]
[SourceDate "2004.11.15"]
[SourceVersion "1"]
[SourceVersionDate "2004.11.15"]
[SourceQuality "1"]

1. e4 e6 2. d4 d5 3. Nd2 c5 4. exd5 exd5 5. Ngf3 Nc6 6. Bb5 Bd6 7. dxc5 Bxc5 8. 0-0 Nge7 9. Nb3 Bb6 10. Bf4 0-0 11. c3 Bf5 12. Qd2 Ng6 13. Bg3 Qf6 14. Rfe1 Rad8 15. a4 a5 16. Nfd4 h5 17. h3 Nce5 18. Bxe5 Nxe5 19. Qe2 Bc7 20. Qxh5 Bg6 21. Qe2 Qd6 22. g3 Qf6 23. Nxa5 Be4 24. Nxb7 Bb6 25. Nxd8 Bxd4 26. cxd4 Nf3+ 27. Kf1 Nh2+ 28. Kg1 1/2-1/2

[Event "Pardubice opB"]
[Site "Pardubice"]
[Date "2004.??.??"]
[Round "7"]
[White "Srba, Milan"]
[Black "Kuzmina, Olga"]
[Result "0-1"]
[WhiteElo "2137"]
[BlackElo "2240"]
[PlyCount "78"]
[EventDate "2004.07.??"]
[EventType "swiss"]
[EventRounds "7"]
[EventCountry "CZE"]
[SourceTitle "EXT 2005"]
[Source "ChessBase"]
[SourceDate "2004.11.15"]
[SourceVersion "1"]
[SourceVersionDate "2004.11.15"]
[SourceQuality "1"]

1. e4 e5 2. Nf3 Nc6 3. Bb5 f5 4. d3 Nf6 5. Nc3 Bc5 6. Bg5 0-0 7. 0-0 d6 8. Bc4+ Kh8 9. exf5 Bxf5 10. Nh4 Nd4 11. Nd5 Qd7 12. Nxf6 gxf6 13. Bh6 Bg4 14. Qd2 Rg8 15. Bxg8 Rxg8 16. Kh1 Be2 17. c3 Nf3 18. Qxe2 Nxh4 19. Rg1 Nf5 20. Be3 Bxe3 21. fxe3 Rg6 22. g3 c6 23. Raf1 Qe6 24. b3 Ne7 25. e4 a6 26. d4 exd4 27. cxd4 Nd5 28. Qf3 Nc7 29. g4 d5 30. Re1 dxe4 31. Qxe4 Qd5 32. Qxd5 Nxd5 33. Re8+ Rg8 34. Rge1 a5 35. Rxg8+ Kxg8 36. Re8+ Kf7 37. Ra8 b6 38. Rc8 Ne7 39. Kg2 Nxc8 0-1

[Event "RUS-ch (Women)"]
[Site "Elista"]
[Date "2003.05.22"]
[Round "5"]
[White "Kuzmina, Olga"]
[Black "Grabuzova, Tatiana"]
[Result "1-0"]
[WhiteElo "2256"]
[BlackElo "2375"]
[PlyCount "67"]
[EventDate "2003.05.18"]
[EventType "swiss"]
[EventRounds "9"]
[EventCountry "RUS"]
[SourceTitle "CBM 094 Extra"]
[Source "ChessBase"]
[SourceDate "2003.07.09"]
[SourceVersion "2"]
[SourceVersionDate "2003.07.09"]
[SourceQuality "1"]

1. Nf3 d5 2. g3 e6 3. Bg2 c5 4. 0-0 Nf6 5. d4 cxd4 6. Nxd4 e5 7. Nb3 h6 8. c4 dxc4 9. Qxd8+ Kxd8 10. Na5 e4 11. Rd1+ Ke8 12. Nxc4 Nc6 13. Nc3 Bf5 14. Nb5 Ke7 15. b3 Ne8 16. Ne3 Ke6 17. Nxf5 Kxf5 18. g4+ Kxg4 19. Bxe4 Nf6 20. h3+ Kh5 21. Bf3+ Kg6 22. Bf4 a6 23. Nc7 Rc8 24. Rac1 Ba3 25. Rc4 Rhd8 26. e3 Rxd1+ 27. Bxd1 Ne8 28. Nd5 Rd8 29. Bf3 Bd6 30. Kg2 Ne5 31. Be4+ Kh5 32. Bxe5 Bxe5 33. Rc5 g5 34. Ne7 1-0

[Event "RUS-ch (Women)"]
[Site "Elista"]
[Date "2003.05.18"]
[Round "1"]
[White "Kuzmina, Olga"]
[Black "Turova, Irina"]
[Result "0-1"]
[WhiteElo "2256"]
[BlackElo "2381"]
[PlyCount "66"]
[EventDate "2003.05.18"]
[EventType "swiss"]
[EventRounds "9"]
[EventCountry "RUS"]
[SourceTitle "CBM 094 Extra"]
[Source "ChessBase"]
[SourceDate "2003.07.09"]
[SourceVersion "2"]
[SourceVersionDate "2003.07.09"]
[SourceQuality "1"]

1. e4 e5 2. Nf3 Nc6 3. Bc4 Bc5 4. b4 Bb6 5. a4 a6 6. Nc3 Nf6 7. Nd5 Nxd5 8. exd5 Nd4 9. Nxd4 Bxd4 10. Ra3 Bxf2+ 11. Kf1 d6 12. Qe2 Ba7 13. Rg3 Bd7 14. Ke1 Qh4 15. b5 f5 16. Kf1 f4 17. Rb3 f3 18. Rxf3 Bg4 19. Qe4 g5 20. bxa6 bxa6 21. Bxa6 Bxf3 22. Qxh4 Bxg2+ 23. Kxg2 gxh4 24. d3 Rg8+ 25. Kf3 Ke7 26. c3 Raf8+ 27. Ke2 Rg2+ 28. Kd1 Bg1 29. d4 e4 30. Ke1 e3 31. Bf1 Rc2 32. Rxg1 Rxc1+ 33. Ke2 Rf2+ 0-1

[Event "RUS-ch (Women) 1st League"]
[Site "Serpukhov"]
[Date "2003.02.23"]
[Round "4"]
[White "Kuzmina, Olga"]
[Black "Pogonina, Natalija"]
[Result "1-0"]
[WhiteElo "2237"]
[BlackElo "2376"]
[PlyCount "109"]
[EventDate "2003.02.20"]
[EventType "swiss"]
[EventRounds "9"]
[EventCountry "RUS"]
[SourceTitle "EXT 2004"]
[Source "ChessBase"]
[SourceDate "2003.11.25"]
[SourceVersion "1"]
[SourceVersionDate "2003.11.25"]
[SourceQuality "1"]

1. e4 c5 2. Nf3 d6 3. d4 cxd4 4. Nxd4 Nf6 5. Nc3 g6 6. g3 Bg7 7. Bg2 0-0 8. 0-0 Nc6 9. Nde2 Be6 10. h3 Rc8 11. Nd5 Bxd5 12. exd5 Na5 13. a4 Qc7 14. c3 Qb6 15. Ra3 Nc4 16. Ra2 Nd7 17. b3 Na5 18. Rb2 Qa6 19. Rb1 b5 20. axb5 Qxb5 21. Bg5 Rfe8 22. c4 Qb4 23. Bd2 Qa3 24. Nc3 Nb7 25. Nb5 Qa2 26. h4 Nbc5 27. Bh3 f5 28. Bc3 Ne5 29. Nd4 Qa6 30. Re1 Qb6 31. Bg2 Rb8 32. b4 Ne4 33. Bxe4 fxe4 34. Rxe4 Rf8 35. Qe2 Rf7 36. Kg2 Rbf8 37. f4 Nd7 38. Rd1 Re8 39. Re6 Qa6 40. Ra1 Qb7 41. Rxd6 exd6 42. Qxe8+ Nf8 43. Qc6 Qb8 44. Qa4 Re7 45. Qd1 Qe8 46. Kf2 h5 47. Qd3 Qf7 48. Nc6 Rc7 49. Bxg7 Qxg7 50. Re1 Qb2+ 51. Re2 Qc1 52. Kg2 Rd7 53. Qd4 a6 54. c5 Kf7 55. cxd6 1-0

[Event "RUS Cup (Women)"]
[Site "Kopejsk"]
[Date "2002.07.26"]
[Round "10"]
[White "Strutinskaya, Galina N"]
[Black "Kuzmina, Olga"]
[Result "0-1"]
[WhiteElo "2351"]
[BlackElo "2236"]
[PlyCount "114"]
[EventDate "2002.??.??"]
[EventType "tourn"]
[EventRounds "11"]
[EventCountry "RUS"]
[SourceTitle "EXT 2003"]
[Source "ChessBase"]
[SourceDate "2002.11.25"]
[SourceVersion "1"]
[SourceVersionDate "2002.11.25"]
[SourceQuality "1"]

1. d4 g6 2. c4 Bg7 3. Nc3 d6 4. Nf3 Nd7 5. g3 e5 6. Bg5 f6 7. Bd2 Nh6 8. Bg2 0-0 9. Qc2 Nf7 10. 0-0-0 Re8 11. h4 Nf8 12. d5 c5 13. Bh3 f5 14. e4 Nh6 15. Bg5 Qa5 16. Kb1 Ng4 17. Nh2 h6 18. Bc1 Nh7 19. f3 Nxh2 20. Rxh2 Rf8 21. h5 f4 22. hxg6 Ng5 23. Bxc8 Raxc8 24. gxf4 exf4 25. Rf1 Rf6 26. Rh4 Rcf8 27. Ne2 b5 28. Rxf4 Rxf4 29. Nxf4 bxc4 30. Qxc4 Be5 31. Nd3 Nxf3 32. Nxe5 Nxe5 33. Rxf8+ Kxf8 34. Bxh6+ Kg8 35. Qe2 Nxg6 36. Qg4 Kh7 37. Bc1 Qa6 38. Qd7+ Kg8 39. Qh3 Ne5 40. a3 Qe2 41. Qe3 Qc4 42. b3 Qb5 43. Bb2 Qf1+ 44. Ka2 Qg2 45. Ka1 Qh1+ 46. Ka2 Qg2 47. a4 c4 48. bxc4 Qxb2+ 49. Kxb2 Nxc4+ 50. Kc3 Nxe3 51. Kb4 Kf7 52. Kb5 Kf6 53. a5 Ke5 54. a6 Kxe4 55. Kc6 Ke5 56. Kb7 Nxd5 57. Kxa7 Nb4 0-1